[Event "KNSB Meesterklasse 2023-2024"]
[Site "?"]
[Date "2023.09.23"]
[Round "2.1"]
[White "Pijpers, Arthur"]
[Black "Ten Hertog, Hugo"]
[Result "1-0"]
[WhiteElo "2423"]
[BlackElo "2528"]
[PlyCount "113"]
[EventDate "2023.09.16"]
[EventType "team-tourn"]
[EventRounds "9"]
[EventCountry "NED"]
[WhiteTeam "LSG IntelliMagic"]
[BlackTeam "Paul Keres"]
[WhiteTeamCountry "NED"]
[BlackTeamCountry "NED"]

1. e4 c6 2. d4 d5 3. e5 Bf5 4. Nf3 e6 5. Be2 Ne7 6. c3 Ng6 7. O-O f6 8. Nbd2
Nd7 9. Ne1 fxe5 10. g4 e4 11. gxf5 exf5 12. f4 Bd6 13. Ng2 Ndf8 14. c4 Ne6 15.
cxd5 cxd5 16. Qa4+ Kf7 17. Nb3 Rf8 18. Qb5 Ne7 19. Be3 a6 20. Qa5 b6 21. Qe1 h6
22. Qh4 Rh8 23. Rac1 g5 24. Qf2 Rg8 25. Kh1 Qb8 26. Rc2 Rg7 27. a4 a5 28. Bb5
gxf4 29. Nxf4 Bxf4 30. Bxf4 Qxf4 31. Qxf4 Nxf4 32. Rxf4 Rag8 33. Rf1 Ke6 34.
Rcf2 Rc8 35. Nc1 Kd6 36. Ne2 Rc2 37. Ng3 Rxf2 38. Rxf2 Rf7 39. Nh5 Rf8 40. Kg2
Rc8 41. Nf4 Rc1 42. Rd2 Nc6 43. Ne2 Re1 44. Bxc6 Kxc6 45. Rc2+ Kd6 46. Kg3 Rf1
47. Rc3 Rd1 48. Rb3 Rd2 49. Kf2 f4 50. Ke1 e3 51. Rxb6+ Kc7 52. Rf6 Rxb2 53.
Nxf4 Rxh2 54. Nxd5+ Kb7 55. Nxe3 Ra2 56. Rxh6 Rxa4 57. Nc2 1-0

[Event "KNSB Meesterklasse 2023-2024"]
[Site "?"]
[Date "2023.09.23"]
[Round "2.2"]
[White "Ondersteijn, Niels"]
[Black "Van der Werf, Mark"]
[Result "0-1"]
[WhiteElo "2333"]
[BlackElo "2406"]
[PlyCount "72"]
[EventDate "2023.09.16"]
[EventType "team-tourn"]
[EventRounds "9"]
[EventCountry "NED"]
[WhiteTeam "Paul Keres"]
[BlackTeam "LSG IntelliMagic"]
[WhiteTeamCountry "NED"]
[BlackTeamCountry "NED"]

1. d4 Nf6 2. c4 e6 3. Nf3 c5 4. d5 d6 5. Nc3 exd5 6. cxd5 g6 7. Bf4 a6 8. a4
Bg7 9. h3 O-O 10. e3 Ne8 11. Be2 Nd7 12. O-O Ne5 13. a5 Nxf3+ 14. Bxf3 Rb8 15.
Qd2 b5 16. axb6 Rxb6 17. Ra2 g5 18. Bh2 f5 19. Be2 Nc7 20. Rc1 Bd7 21. Bd1 Qf6
22. Na4 Bxa4 23. Bxa4 f4 24. exf4 gxf4 25. Rc4 Qf5 26. b4 Qb1+ 27. Rc1 Qxb4 28.
Qe2 Kh8 29. Qh5 h6 30. Bc2 Rf6 31. Qg4 Rb8 32. Qf3 Qc4 33. Raa1 Qxd5 34. Qxd5
Nxd5 35. Rxa6 Nb4 36. Raa1 Rff8 0-1

[Event "KNSB Meesterklasse 2023-2024"]
[Site "?"]
[Date "2023.09.23"]
[Round "2.3"]
[White "De Jong, Jan-Willem"]
[Black "Breukelman, Jan"]
[Result "1-0"]
[WhiteElo "2389"]
[BlackElo "2388"]
[PlyCount "61"]
[EventDate "2023.09.16"]
[EventType "team-tourn"]
[EventRounds "9"]
[EventCountry "NED"]
[WhiteTeam "LSG IntelliMagic"]
[BlackTeam "Paul Keres"]
[WhiteTeamCountry "NED"]
[BlackTeamCountry "NED"]

1. c4 e5 2. Nc3 Bb4 3. Nd5 Bc5 4. e3 Nf6 5. b4 Nxd5 6. bxc5 Nf6 7. d4 Qe7 8.
Be2 O-O 9. Nf3 exd4 10. exd4 Re8 11. Bg5 b6 12. cxb6 axb6 13. Bxf6 gxf6 14. Qd2
Nc6 15. d5 Na5 16. O-O Ba6 17. Rfe1 Qd6 18. Rac1 c5 19. Qh6 Nb7 20. Bd3 f5 21.
Qg5+ Qg6 22. Qf4 Qg4 23. Qc7 Qg6 24. Qxd7 Rxe1+ 25. Rxe1 Nd6 26. Qc6 Rc8 27.
Qxb6 Bxc4 28. Ne5 Re8 29. Bxc4 Nxc4 30. Qb5 Nd6 31. Qxe8+ 1-0

[Event "KNSB Meesterklasse 2023-2024"]
[Site "?"]
[Date "2023.09.23"]
[Round "2.4"]
[White "Smeets, Kobe"]
[Black "Willemze, Thomas"]
[Result "1/2-1/2"]
[WhiteElo "2277"]
[BlackElo "2381"]
[PlyCount "165"]
[EventDate "2023.09.16"]
[EventType "team-tourn"]
[EventRounds "9"]
[EventCountry "NED"]
[WhiteTeam "Paul Keres"]
[BlackTeam "LSG IntelliMagic"]
[WhiteTeamCountry "NED"]
[BlackTeamCountry "NED"]

1. e4 c6 2. Nc3 d5 3. Nf3 g6 4. d4 Bg7 5. h3 dxe4 6. Nxe4 Nf6 7. Nxf6+ exf6 8.
Bd3 O-O 9. O-O a5 10. c3 Na6 11. Bf4 Nc7 12. Re1 Nd5 13. Bh2 a4 14. Qd2 b5 15.
c4 bxc4 16. Bxc4 Be6 17. Rec1 Re8 18. Ne1 Nb6 19. Bf1 Bd5 20. Nd3 Nc4 21. Qc3
Nd6 22. Nc5 Ne4 23. Nxe4 Rxe4 24. Bd3 Re6 25. Re1 Bf8 26. Bc4 Ra7 27. Rxe6 fxe6
28. Rc1 Rb7 29. Bf4 g5 30. Bg3 Kf7 31. b3 Ba3 32. Rc2 Bxc4 33. bxc4 Rb1+ 34.
Kh2 Bd6 35. Qd3 f5 36. Re2 Bxg3+ 37. fxg3 Rb7 38. Qe3 Re7 39. Qe5 a3 40. Rf2
Kg6 41. Rf3 Qc7 42. Qh8 h5 43. Rxa3 h4 44. Re3 hxg3+ 45. Rxg3 Rg7 46. Qe8+ Kf6
47. Qf8+ Kg6 48. Qc5 Rh7 49. a4 g4 50. a5 Qf4 51. Qe5 Qxe5 52. dxe5 Ra7 53. Ra3
Kg5 54. a6 f4 55. hxg4 Kxg4 56. Kg1 Kf5 57. Ra5 c5 58. Rxc5 Rxa6 59. Kf2 Ke4
60. Rb5 Ra2+ 61. Kg1 Rc2 62. Rc5 Kd4 63. Ra5 Rxc4 64. Kf2 Ke4 65. Rb5 Rc2+ 66.
Kf1 Kf5 67. Rb3 Kg4 68. Rb6 Kf5 69. Rb3 Ke4 70. Rb5 Rc3 71. Kf2 Re3 72. Ra5 Kf5
73. Rb5 Rxe5 74. Rb3 Ra5 75. g3 Ra2+ 76. Ke1 e5 77. gxf4 e4 78. Rb5+ Kg4 79.
Rb3 Rh2 80. f5 Kxf5 81. Ra3 Kf4 82. Rb3 e3 83. Rb8 1/2-1/2

[Event "KNSB Meesterklasse 2023-2024"]
[Site "?"]
[Date "2023.09.23"]
[Round "2.5"]
[White "Smeets, Jan"]
[Black "Van Kerkhof, David"]
[Result "1-0"]
[WhiteElo "2543"]
[BlackElo "2383"]
[PlyCount "117"]
[EventDate "2023.09.16"]
[EventType "team-tourn"]
[EventRounds "9"]
[EventCountry "NED"]
[WhiteTeam "LSG IntelliMagic"]
[BlackTeam "Paul Keres"]
[WhiteTeamCountry "NED"]
[BlackTeamCountry "NED"]

1. e4 e5 2. Nf3 Nc6 3. Nc3 Nf6 4. d4 exd4 5. Nxd4 Nxe4 6. Nxe4 Qe7 7. Bd3 Nxd4
8. O-O d5 9. Bc4 dxc4 10. Qxd4 Be6 11. Bg5 Qd7 12. Qc3 f5 13. Rad1 Qf7 14. Qd2
Qg6 15. Nc3 Bb4 16. Bf4 c6 17. a3 Bxc3 18. Qxc3 O-O 19. Rd6 Qf7 20. Re1 Bd5 21.
Re3 Rae8 22. h3 Rxe3 23. Qxe3 b6 24. Qg3 Re8 25. Be5 f4 26. Bxf4 Re6 27. Rd8+
Re8 28. Rxe8+ Qxe8 29. f3 Qf7 30. Be5 h6 31. Kh2 Kh7 32. Qg4 Qg6 33. Qd7 Qf7
34. Qd6 Qg6 35. Qb8 Qf5 36. Bd4 b5 37. c3 a5 38. Qc7 Qf7 39. Qe5 a4 40. f4 Qg6
41. g4 h5 42. Kg3 hxg4 43. hxg4 Kg8 44. Qb8+ Kh7 45. Qc7 Qf7 46. Qd8 Qe6 47.
Be5 Be4 48. Qh4+ Kg8 49. Qd8+ Kh7 50. Qf8 Qg6 51. f5 Qh6 52. Bd4 Qg5 53. Qf7
Bd5 54. Qc7 Kg8 55. Qb8+ Kf7 56. Qc7+ Kg8 57. Qa7 Qh6 58. Qe7 Bf7 59. g5 1-0

[Event "KNSB Meesterklasse 2023-2024"]
[Site "?"]
[Date "2023.09.23"]
[Round "2.6"]
[White "Kokje, Joris"]
[Black "Vogt, Andreas"]
[Result "1/2-1/2"]
[WhiteElo "2282"]
[BlackElo "2291"]
[PlyCount "73"]
[EventDate "2023.09.16"]
[EventType "team-tourn"]
[EventRounds "9"]
[EventCountry "NED"]
[WhiteTeam "Paul Keres"]
[BlackTeam "LSG IntelliMagic"]
[WhiteTeamCountry "NED"]
[BlackTeamCountry "NED"]

1. d4 d5 2. c4 e6 3. Nf3 Nf6 4. g3 Bb4+ 5. Bd2 Be7 6. Bg2 O-O 7. O-O Nbd7 8.
Na3 c6 9. Rc1 a5 10. Qc2 Ne4 11. Nb1 b6 12. cxd5 cxd5 13. Nc3 Nxc3 14. bxc3 Ba6
15. Rfe1 Nf6 16. Bg5 Rc8 17. Qb1 b5 18. Ne5 h6 19. Bxf6 Bxf6 20. Nd3 b4 21.
cxb4 Bxd3 22. Qxd3 axb4 23. e3 Qa5 24. Qb3 Rc3 25. Rxc3 bxc3 26. Rc1 Rc8 27. a4
Be7 28. Bf1 Qb4 29. Qc2 Qa3 30. Rb1 g6 31. Bd3 Kf8 32. Kg2 h5 33. Rb7 Qd6 34.
a5 Rc7 35. a6 Rxb7 36. axb7 Qb6 37. Qxc3 1/2-1/2

[Event "KNSB Meesterklasse 2023-2024"]
[Site "?"]
[Date "2023.09.23"]
[Round "2.7"]
[White "Bosman, Michiel"]
[Black "Hommerson, Paul"]
[Result "1-0"]
[WhiteElo "2358"]
[BlackElo "2257"]
[PlyCount "107"]
[EventDate "2023.09.16"]
[EventType "team-tourn"]
[EventRounds "9"]
[EventCountry "NED"]
[WhiteTeam "LSG IntelliMagic"]
[BlackTeam "Paul Keres"]
[WhiteTeamCountry "NED"]
[BlackTeamCountry "NED"]

1. d4 Nf6 2. c4 g6 3. Nc3 d5 4. Nf3 Bg7 5. cxd5 Nxd5 6. e4 Nxc3 7. bxc3 c5 8.
Bb5+ Nc6 9. Rb1 O-O 10. d5 Ne5 11. Nxe5 Bxe5 12. Qd2 e6 13. f4 Bc7 14. Bc4 Rb8
15. O-O exd5 16. Bxd5 Ba5 17. Qd3 b5 18. Be3 c4 19. Bxc4 Qxd3 20. Bxd3 Bxc3 21.
Rfc1 Bg7 22. Rxb5 Be6 23. a4 Rbd8 24. Be2 Bd4 25. Kf2 Rfe8 26. Rd1 Bxe3+ 27.
Kxe3 Rc8 28. Rd4 Rc3+ 29. Kd2 Ra3 30. Rb2 Rc8 31. Ba6 Rc7 32. Bb5 Kg7 33. Rdb4
Bd7 34. R4b3 Ra1 35. g3 h5 36. Rd3 Bxb5 37. axb5 Rcc1 38. e5 Rd1+ 39. Ke3 Kf8
40. Rc2 Rxd3+ 41. Kxd3 h4 42. gxh4 a6 43. Rc8+ Kg7 44. Ra8 Ra3+ 45. Kc2 Ra4 46.
b6 Rb4 47. Rxa6 Rxf4 48. Ra3 Rc4+ 49. Rc3 Rb4 50. Rb3 Rxh4 51. b7 Rxh2+ 52. Kd3
Rh3+ 53. Kc4 Rh4+ 54. Kd5 1-0

[Event "KNSB Meesterklasse 2023-2024"]
[Site "?"]
[Date "2023.09.23"]
[Round "2.8"]
[White "Wemmers, Xander"]
[Black "Van Wessel, Rudy"]
[Result "1/2-1/2"]
[WhiteElo "2367"]
[BlackElo "2342"]
[PlyCount "59"]
[EventDate "2023.09.16"]
[EventType "team-tourn"]
[EventRounds "9"]
[EventCountry "NED"]
[WhiteTeam "Paul Keres"]
[BlackTeam "LSG IntelliMagic"]
[WhiteTeamCountry "NED"]
[BlackTeamCountry "NED"]

1. d4 d5 2. c4 c6 3. Nc3 Nf6 4. e3 a6 5. a4 Bf5 6. Qb3 Ra7 7. a5 dxc4 8. Bxc4
e6 9. Nf3 Be7 10. O-O O-O 11. Re1 Ne4 12. Nd2 Nd6 13. Bf1 Bg6 14. e4 Nb5 15.
Nf3 Nd7 16. Nxb5 axb5 17. Bd2 Bh5 18. Qe3 Bxf3 19. Qxf3 b4 20. a6 bxa6 21. Be3
Qb6 22. Qg3 Kh8 23. Bd3 c5 24. d5 e5 25. f3 a5 26. b3 Rfa8 27. Ra4 Qd8 28. Rc1
Rb7 29. Ra2 Kg8 30. Qg4 1/2-1/2

[Event "KNSB Meesterklasse 2023-2024"]
[Site "?"]
[Date "2023.09.23"]
[Round "2.9"]
[White "Van Haastert, Edwin"]
[Black "Boogaard, Sander"]
[Result "1-0"]
[WhiteElo "2444"]
[BlackElo "2113"]
[PlyCount "89"]
[EventDate "2023.09.16"]
[EventType "team-tourn"]
[EventRounds "9"]
[EventCountry "NED"]
[WhiteTeam "LSG IntelliMagic"]
[BlackTeam "Paul Keres"]
[WhiteTeamCountry "NED"]
[BlackTeamCountry "NED"]

1. e4 e5 2. Nf3 Nc6 3. Bb5 a6 4. Ba4 Nf6 5. O-O b5 6. Bb3 Bc5 7. c3 d6 8. d4
Bb6 9. Be3 Bg4 10. Nbd2 exd4 11. cxd4 O-O 12. h3 Bh5 13. Rc1 Qe8 14. Re1 Na5
15. e5 Nd7 16. exd6 Nxb3 17. Qxb3 cxd6 18. Bf4 Qb8 19. Qd5 Nf6 20. Qxd6 Qxd6
21. Bxd6 Rfc8 22. Bc5 Ba5 23. b4 Bc7 24. Ne5 Nd5 25. Ne4 f6 26. Nd3 Bf7 27. a3
Rd8 28. Nc3 Nf4 29. Rcd1 Bb3 30. Rd2 Re8 31. Rxe8+ Rxe8 32. g3 Nxh3+ 33. Kg2
Ng5 34. d5 Kf7 35. d6 Bd8 36. Be3 a5 37. Nc5 axb4 38. axb4 Bc4 39. d7 Rh8 40.
f4 Ne6 41. f5 Nxc5 42. bxc5 g6 43. c6 gxf5 44. Bf4 b4 45. Nd1 1-0

[Event "KNSB Meesterklasse 2023-2024"]
[Site "?"]
[Date "2023.09.23"]
[Round "2.10"]
[White "Rebers, Eugene"]
[Black "Jens, Jelmer"]
[Result "0-1"]
[WhiteElo "2184"]
[BlackElo "2386"]
[PlyCount "88"]
[EventDate "2023.09.16"]
[EventType "team-tourn"]
[EventRounds "9"]
[EventCountry "NED"]
[WhiteTeam "Paul Keres"]
[BlackTeam "LSG IntelliMagic"]
[WhiteTeamCountry "NED"]
[BlackTeamCountry "NED"]

1. c4 f5 2. g3 Nf6 3. Bg2 g6 4. b4 e5 5. Bb2 d6 6. d3 Bg7 7. Nf3 O-O 8. O-O h6
9. Nc3 c6 10. c5 e4 11. dxe4 fxe4 12. Nh4 Qe8 13. f4 d5 14. Qd2 Na6 15. a3 Kh7
16. f5 g5 17. Ng6 Rg8 18. Nd1 Bxf5 19. Ne5 Bc8 20. Nc4 Qe7 21. Nd6 Rf8 22. Ne3
Bh8 23. h4 Kg6 24. hxg5 hxg5 25. Nef5 Qh7 26. Bxf6 Bxf6 27. Ne3 Be6 28. Nxe4
Bxa1 29. Rxa1 Qg7 30. Rd1 Qe5 31. Nd6 Rf6 32. Qd3+ Kg7 33. g4 Rh8 34. Nef5+
Bxf5 35. Nxf5+ Kf8 36. e4 Qh2+ 37. Kf2 Nc7 38. Qd4 Qf4+ 39. Kg1 Kf7 40. exd5
Qh2+ 41. Kf1 Nxd5 42. Re1 Kg6 43. Bxd5 cxd5 44. Qxd5 Qf4+ 0-1

[Event "KNSB Meesterklasse 2023-2024"]
[Site "?"]
[Date "2023.10.07"]
[Round "2.1"]
[White "Wantola, Ivo"]
[Black "Roebers, Eline"]
[Result "1/2-1/2"]
[WhiteElo "2352"]
[BlackElo "2421"]
[PlyCount "23"]
[EventDate "2023.09.16"]
[EventType "team-tourn"]
[EventRounds "9"]
[EventCountry "NED"]
[WhiteTeam "Zuid Limburg"]
[BlackTeam "Kennemer Combinatie"]
[WhiteTeamCountry "NED"]
[BlackTeamCountry "NED"]

1. Nf3 Nf6 2. c4 g6 3. Nc3 Bg7 4. e4 d6 5. d4 O-O 6. Be2 Na6 7. O-O e5 8. Be3
Qe7 9. Qc2 exd4 10. Nxd4 c6 11. Rfe1 Re8 12. f3 1/2-1/2

[Event "KNSB Meesterklasse 2023-2024"]
[Site "?"]
[Date "2023.10.07"]
[Round "2.2"]
[White "Sokolov, Ivan"]
[Black "Lenaerts, Lennert"]
[Result "1-0"]
[WhiteElo "2591"]
[BlackElo "2357"]
[PlyCount "81"]
[EventDate "2023.09.16"]
[EventType "team-tourn"]
[EventRounds "9"]
[EventCountry "NED"]
[WhiteTeam "Kennemer Combinatie"]
[BlackTeam "Zuid Limburg"]
[WhiteTeamCountry "NED"]
[BlackTeamCountry "NED"]

1. e4 e5 2. Nf3 Nc6 3. Bb5 a6 4. Ba4 Nf6 5. O-O Be7 6. d3 b5 7. Bb3 d6 8. c3
O-O 9. h3 Na5 10. Bc2 c5 11. d4 Qc7 12. d5 c4 13. b4 cxb3 14. axb3 Bd7 15. Be3
Rfc8 16. Nfd2 Be8 17. Bd3 Nd7 18. b4 Nc4 19. Bxc4 bxc4 20. Na3 Nf6 21. Ndxc4
Nxe4 22. Nb6 Nxc3 23. Qd2 Qb7 24. Nxc8 Rxc8 25. Rfc1 Nb5 26. Rxc8 Qxc8 27. Rc1
Qb7 28. Nc4 h6 29. Na5 Qa8 30. Nc6 Bf6 31. Qa2 Bd7 32. Qa5 e4 33. Kh1 Qb7 34.
Qa2 Nc7 35. Qc4 Qb5 36. Qxb5 Nxb5 37. Nb8 Be8 38. Nxa6 Kf8 39. Nc7 Ke7 40. Rc4
Nc3 41. Bd2 1-0

[Event "KNSB Meesterklasse 2023-2024"]
[Site "?"]
[Date "2023.10.07"]
[Round "2.3"]
[White "Braun, Christian"]
[Black "Vrolijk, Liam"]
[Result "1/2-1/2"]
[WhiteElo "2418"]
[BlackElo "2558"]
[PlyCount "27"]
[EventDate "2023.09.16"]
[EventType "team-tourn"]
[EventRounds "9"]
[EventCountry "NED"]
[WhiteTeam "Zuid Limburg"]
[BlackTeam "Kennemer Combinatie"]
[WhiteTeamCountry "NED"]
[BlackTeamCountry "NED"]

1. Nf3 d5 2. g3 Bg4 3. Bg2 e6 4. O-O Nf6 5. h3 Bh5 6. d3 Be7 7. Nbd2 O-O 8. e4
c5 9. g4 Bg6 10. Ne5 dxe4 11. Nxg6 hxg6 12. Nxe4 Nd5 13. Nc3 Nc6 14. Nxd5
1/2-1/2

[Event "KNSB Meesterklasse 2023-2024"]
[Site "?"]
[Date "2023.10.07"]
[Round "2.4"]
[White "Pardo Simon, David"]
[Black "Hamblok, Roel"]
[Result "1-0"]
[WhiteElo "2453"]
[BlackElo "2247"]
[PlyCount "59"]
[EventDate "2023.09.16"]
[EventType "team-tourn"]
[EventRounds "9"]
[EventCountry "NED"]
[WhiteTeam "Kennemer Combinatie"]
[BlackTeam "Zuid Limburg"]
[WhiteTeamCountry "NED"]
[BlackTeamCountry "NED"]

1. d4 Nf6 2. Bf4 d5 3. e3 e6 4. Nf3 Bd6 5. Ne5 O-O 6. Nd2 c5 7. c3 Qc7 8. Bd3
b6 9. h4 Ba6 10. Bxa6 Nxa6 11. h5 Nb8 12. Qf3 Nfd7 13. Qg3 Bxe5 14. dxe5 Nc6
15. Nf3 Kh8 16. h6 g6 17. O-O b5 18. Rad1 Ne7 19. Rfe1 b4 20. Qg5 Ng8 21. e4
bxc3 22. bxc3 dxe4 23. Nd2 Nb6 24. Nxe4 Rad8 25. Be3 Na4 26. Qf4 Rxd1 27. Rxd1
Nb2 28. Bxc5 Rd8 29. Rxd8 Qxd8 30. Nd6 1-0

[Event "KNSB Meesterklasse 2023-2024"]
[Site "?"]
[Date "2023.10.07"]
[Round "2.5"]
[White "Hausrath, Daniel"]
[Black "Schoppen, Casper"]
[Result "0-1"]
[WhiteElo "2459"]
[BlackElo "2530"]
[PlyCount "146"]
[EventDate "2023.09.16"]
[EventType "team-tourn"]
[EventRounds "9"]
[EventCountry "NED"]
[WhiteTeam "Zuid Limburg"]
[BlackTeam "Kennemer Combinatie"]
[WhiteTeamCountry "NED"]
[BlackTeamCountry "NED"]

1. Nf3 d5 2. g3 Nf6 3. Bg2 c6 4. c4 dxc4 5. O-O Nbd7 6. Na3 Nb6 7. Qc2 g6 8.
Nxc4 Nxc4 9. Qxc4 Bg7 10. Qc2 a5 11. d3 O-O 12. Bd2 Nd5 13. a3 a4 14. Rfe1 e5
15. Qc1 Re8 16. Bh6 Nc7 17. Bxg7 Kxg7 18. Qc5 Qf6 19. Nd2 Nb5 20. Ne4 Qd8 21.
Rad1 Ra5 22. Qb4 b6 23. e3 c5 24. Qd2 Bg4 25. Rc1 Nd6 26. Nc3 Be6 27. Ne2 Nf5
28. Qc3 Bb3 29. Bh3 Qf6 30. e4 Nd6 31. f4 Nb5 32. Qd2 exf4 33. gxf4 Nd4 34.
Nxd4 Qxd4+ 35. Kg2 Raa8 36. Qc3 Rad8 37. Kf3 f5 38. Bf1 fxe4+ 39. dxe4 Re7 40.
Bb5 Kf8 41. Re3 Qxc3 42. bxc3 Rd2 43. h4 Rh2 44. Kg3 Ra2 45. c4 Rd2 46. f5 gxf5
47. Rf1 Rg7+ 48. Kh3 Bd1 49. Rxf5+ Ke7 50. Re5+ Kf6 51. Rf5+ Ke6 52. Rd5 Rd4
53. Ba6 Bb3 54. Rf3 Rg8 55. Bb5 Rxe4 56. Bd7+ Ke7 57. Bf5 Re1 58. Rd7+ Ke8 59.
Rg3 Bxc4 60. Rxg8+ Bxg8 61. Rb7 Be6 62. Bxe6 Rxe6 63. Rxh7 Rc6 64. Ra7 c4 65.
Rxa4 Kd7 66. Kg4 c3 67. Rd4+ Ke6 68. Rd1 Ke5 69. h5 Ke4 70. Kg5 c2 71. Rc1 Kd3
72. h6 Kd2 73. h7 Rc8 0-1

[Event "KNSB Meesterklasse 2023-2024"]
[Site "?"]
[Date "2023.10.07"]
[Round "2.6"]
[White "Godzwon, Iwo"]
[Black "Suvorov, Luca"]
[Result "1-0"]
[WhiteElo "2411"]
[BlackElo "2332"]
[PlyCount "57"]
[EventDate "2023.09.16"]
[EventType "team-tourn"]
[EventRounds "9"]
[EventCountry "NED"]
[WhiteTeam "Kennemer Combinatie"]
[BlackTeam "Zuid Limburg"]
[WhiteTeamCountry "NED"]
[BlackTeamCountry "NED"]

1. e4 e5 2. Nf3 Nc6 3. Bb5 a6 4. Ba4 Nf6 5. O-O b5 6. Bb3 Bc5 7. a4 Rb8 8. c3
d6 9. d4 Bb6 10. a5 Ba7 11. h3 O-O 12. Be3 exd4 13. cxd4 Nxe4 14. Bd5 Qe8 15.
Re1 Nf6 16. Bg5 Qd7 17. Bxf6 gxf6 18. Qd2 Ne7 19. Be4 d5 20. Bc2 Ng6 21. Qh6
Qd6 22. Re5 Rd8 23. Rh5 Nf8 24. Bxh7+ Nxh7 25. Qxh7+ Kf8 26. Nc3 Be6 27. Re1 c6
28. Nh4 Ke8 29. Nf5 1-0

[Event "KNSB Meesterklasse 2023-2024"]
[Site "?"]
[Date "2023.10.07"]
[Round "2.7"]
[White "Van Meegen, Ruud"]
[Black "Nijboer, Friso"]
[Result "0-1"]
[WhiteElo "2297"]
[BlackElo "2473"]
[PlyCount "64"]
[EventDate "2023.09.16"]
[EventType "team-tourn"]
[EventRounds "9"]
[EventCountry "NED"]
[WhiteTeam "Zuid Limburg"]
[BlackTeam "Kennemer Combinatie"]
[WhiteTeamCountry "NED"]
[BlackTeamCountry "NED"]

1. Nf3 d6 2. d4 Nf6 3. g3 g6 4. b3 Bg7 5. Bb2 b5 6. Bg2 Bb7 7. O-O O-O 8. Nbd2
Nbd7 9. Re1 c5 10. e4 cxd4 11. Nxd4 Qb6 12. a4 a6 13. axb5 axb5 14. Qe2 Ne8 15.
Qe3 e5 16. N4f3 Qxe3 17. Rxe3 Rxa1+ 18. Bxa1 Nef6 19. Bb2 Ra8 20. Ne1 Ra2 21.
Bc3 Nc5 22. f3 Na6 23. Nf1 b4 24. Bd2 d5 25. exd5 Nxd5 26. Re2 Nc5 27. Ne3 Nc3
28. Bxc3 bxc3 29. Nd1 e4 30. fxe4 Bd4+ 31. Kh1 Ba6 32. Bf1 Ra1 0-1

[Event "KNSB Meesterklasse 2023-2024"]
[Site "?"]
[Date "2023.10.07"]
[Round "2.8"]
[White "Grutter, Tim"]
[Black "Van Dael, Siem"]
[Result "1/2-1/2"]
[WhiteElo "2337"]
[BlackElo "2317"]
[PlyCount "160"]
[EventDate "2023.09.16"]
[EventType "team-tourn"]
[EventRounds "9"]
[EventCountry "NED"]
[WhiteTeam "Kennemer Combinatie"]
[BlackTeam "Zuid Limburg"]
[WhiteTeamCountry "NED"]
[BlackTeamCountry "NED"]

1. e4 e5 2. Nf3 Nc6 3. Bb5 a6 4. Ba4 Nf6 5. O-O Be7 6. Bxc6 dxc6 7. d3 Bg4 8.
h3 Bxf3 9. Qxf3 Nd7 10. Qg3 Bf6 11. Nd2 Nf8 12. Nc4 Ng6 13. Ne3 Bh4 14. Qf3 O-O
15. g3 Bg5 16. Nf5 Bxc1 17. Raxc1 Ne7 18. Rcd1 Nxf5 19. Qxf5 Qd6 20. Kh2 g6 21.
Qg5 f5 22. exf5 Rxf5 23. Qg4 Raf8 24. Rd2 h5 25. Qe4 Kh7 26. Kg2 Rd8 27. Re2
Qf6 28. Qe3 Qf7 29. g4 Rf4 30. Qxe5 Rf8 31. gxh5 gxh5 32. Qe7 Rg8+ 33. Kh2 Rg7
34. Qxf7 Rgxf7 35. Kg2 Rg7+ 36. Kh2 Rgf7 37. f3 Rxf3 38. Rxf3 Rxf3 39. Re7+ Kg6
40. Rxc7 Rf2+ 41. Kg3 Rxc2 42. Rxb7 Rd2 43. Rb6 Rxd3+ 44. Kf4 Rxh3 45. Rxc6+
Kf7 46. Rxa6 Rh2 47. Rb6 Ke7 48. Kg3 Rc2 49. a4 Kd7 50. b3 Rc5 51. Rb4 Rg5+ 52.
Kh4 Rd5 53. Rc4 Ra5 54. Rf4 Re5 55. Rf6 Kc7 56. Rg6 Re1 57. Rg3 Rh1+ 58. Rh3
Rg1 59. Kxh5 Kb6 60. Rh4 Rg3 61. Rb4+ Ka5 62. Rb5+ Ka6 63. Kh4 Rg8 64. b4 Rg1
65. Rg5 Ra1 66. Rg6+ Ka7 67. a5 Rb1 68. Rb6 Rg1 69. b5 Rg2 70. Kh5 Rg1 71. Kh6
Rg2 72. Rg6 Ra2 73. Ra6+ Kb7 74. Kg7 Rf2 75. Rf6 Ra2 76. Rf7+ Ka8 77. a6 Rg2+
78. Kf8 Rg5 79. b6 Rg6 80. b7+ Kb8 1/2-1/2

[Event "KNSB Meesterklasse 2023-2024"]
[Site "?"]
[Date "2023.10.07"]
[Round "2.9"]
[White "Gallasch, Jonas"]
[Black "Pham, Khoi"]
[Result "1-0"]
[WhiteElo "2269"]
[BlackElo "2344"]
[PlyCount "49"]
[EventDate "2023.09.16"]
[EventType "team-tourn"]
[EventRounds "9"]
[EventCountry "NED"]
[WhiteTeam "Zuid Limburg"]
[BlackTeam "Kennemer Combinatie"]
[WhiteTeamCountry "NED"]
[BlackTeamCountry "NED"]

1. d4 d5 2. c4 e6 3. Nf3 Nf6 4. g3 dxc4 5. Bg2 a6 6. O-O Nc6 7. Nbd2 Nxd4 8.
Nxc4 Nxf3+ 9. Bxf3 Qxd1 10. Rxd1 Be7 11. Na5 Nd5 12. e4 Nb4 13. Bf4 c5 14. Nc4
Bd7 15. Nb6 Rd8 16. Bc7 Bc6 17. Bxd8 Bxd8 18. Nc4 Nc2 19. Rab1 Bc7 20. Bg2 b5
21. Nd2 Nd4 22. Nb3 Bb6 23. e5 Bf3 24. Rxd4 Bxg2 25. Rd6 1-0

[Event "KNSB Meesterklasse 2023-2024"]
[Site "?"]
[Date "2023.10.07"]
[Round "2.10"]
[White "Elgersma, Onno"]
[Black "Muetsch, Annmarie"]
[Result "1-0"]
[WhiteElo "2259"]
[BlackElo "2253"]
[PlyCount "81"]
[EventDate "2023.09.16"]
[EventType "team-tourn"]
[EventRounds "9"]
[EventCountry "NED"]
[WhiteTeam "Kennemer Combinatie"]
[BlackTeam "Zuid Limburg"]
[WhiteTeamCountry "NED"]
[BlackTeamCountry "NED"]

1. e4 d6 2. d4 Nf6 3. Nc3 e5 4. Nf3 Nbd7 5. Bc4 Be7 6. O-O O-O 7. a4 a6 8. Re1
b6 9. h3 c6 10. d5 Bb7 11. dxc6 Bxc6 12. Bg5 h6 13. Bxf6 Nxf6 14. Qd3 Bb7 15.
Rad1 Qc7 16. Nh4 Rfd8 17. Nf5 Bf8 18. Bb3 Bc8 19. Qf3 Bxf5 20. Qxf5 Qc8 21. Qf3
Ra7 22. Nd5 Nxd5 23. Rxd5 Be7 24. Red1 Rf8 25. Qe3 Qb8 26. R5d3 Rc7 27. Qe2 b5
28. axb5 Qxb5 29. Qh5 Qc6 30. Rc3 Qb6 31. Rf3 Bd8 32. Rfd3 Be7 33. Rg3 Kh8 34.
Rdd3 Qb4 35. Rdf3 Bd8 36. Qg4 f5 37. Rxf5 d5 38. c3 Qc5 39. Bxd5 Rxf5 40. Qxf5
Bf6 41. Qe6 1-0